000 00495nam a2200205Ia 4500
005 20240920090648.0
008 131103s9999 xx 000 0 und d
020 _a333902610
040 _aLoreto College
041 _aEnglish
082 _a821
_bTAG
100 _aTagore, Rabindranath
245 4 _aThe Gardener
_cRabindranath Tagore
260 _aLondon
_bMacmillan
_c1970
300 _a128p
504 _aIncludes index
650 _aEnglish poetry
850 _aLCBED
942 _cBK
999 _c29826
_d80305